Chiwetel Ejiofor Filmography - Statistics

General Stats
  • This quiz has been taken 105 times
    36 since last reset
  • The average score is 29 of 95
Answer Stats
Type Year Name % Correct
Film 2013 12 Years a Slave
93%
Radio Play 2005 One
93%
Film 2016 Doctor Strange
71%
Film 2022 Doctor Strange in the Multiverse of Madness
71%
Film 2006 Children of Men
57%
Film 2015 The Martian
57%
Film 2019 Maleficent: Mistress of Evil
50%
Film 2024 The Life of Chuck
50%
Film 2019 The Lion King
50%
Film 2024 Venom: The Last Dance
50%
Film 1997 Amistad
43%
Film 2025 Bridget Jones: Mad About the Boy
43%
Film 2021 Locked Down
43%
Film 2003 Love Actually
43%
Film 2010 Salt
43%
Film TBA The Backrooms
43%
Film 2020 The Old Guard
43%
Film 2025 The Old Guard 2
43%
Film 2015 Z for Zachariah
43%
Film 2009 2012
36%
Film 2007 American Gangster
36%
Film 2027 Children of Blood and Bone
36%
Film 2025 Eleanor the Great
36%
Film 2021 Infinite
36%
Film 2006 Inside Man
36%
Film 2005 Kinky Boots
36%
Film 2018 Mary Magdalene
36%
Film 2004 She Hate Me
36%
Film 2018 Sherlock Gnomes
36%
Film 2019 The Boy Who Harnessed the Wind
36%
Film 2023 The Pod Generation
36%
Film 2016 Triple 9
36%
Film 2018 Come Sunday
29%
Film 2002 Dirty Pretty Things
29%
Film 2009 Endgame
29%
Film 2005 Four Brothers
29%
Film 1999 G:MT - Greenwich Mean Time
29%
Film 2013 Half of a Yellow Sun
29%
Theater 2000-2001 Hamlet
29%
Film 2004 Melinda and Melinda
29%
Film 2008 Redbelt
29%
Film 2004 Red Dust
29%
TV Short 2017 Red Nose Day Actually
29%
Film 2024 Rob Peace
29%
Film 2013 Savannah
29%
Film 2015 Secret in Their Eyes
29%
Film 2005 Serenity
29%
Film 2005 Slow Burn
29%
Film 2007 Talk to Me
29%
Documentary 2018 The Elephant Queen
29%
Film 2003 Three Blind Mice
29%
Theater 2000-2001 Albert Speer
21%
Theater 2000-2001 All My Sons
21%
TV Show 2004 Animated Tales of the World
21%
Theater 2013 A Season in the Congo
21%
Theater 2000 Blue/Orange
21%
TV Mini-Series 2013 Dancing on the Edge
21%
TV Film 1996 Deadly Voyage
21%
Theater 2000-2001 De Profundis
21%
Theater 2015 Everyman
21%
Theater 2000-2001 Further than the Furthest Thing
21%
Theater 2000-2001 History of the Comedy
21%
Theater 2000-2001 House + Garden
21%
Theater 2000-2001 In Extremis
21%
Theater 2000-2001 Life x 3
21%
Theater 1997 Macbeth
21%
Short Film 2013 Making a Scene
21%
TV Film 2001 Mind Games
21%
TV Show 2001 Murder in Mind
21%
Theater 1995, 1996, 2007 Othello
21%
TV Documentary 2007 Partition: The Day India Burned
21%
Theater 2000 Peer Gynt
21%
TV Film 2013 Phil Spector
21%
Theater 2000-2001 Remembrance of Things Past
21%
Theater 2000 Romeo and Juliet
21%
Short Film 2008 Slapper
21%
Theater 1999 Sparkleshark
21%
TV Mini-Series 2003 The Canterbury Tales
21%
Theater 2000-2001 The Cherry Orchard
21%
Theater 2000-2001 The Heiress
21%
TV Show 2022 The Man Who Fell to Earth
21%
Theater 2007 The Seagull
21%
TV Mini-Series 2011 The Shadow Line
21%
Theater 1999 The Triumph of Love
21%
Theater 2002 The Vortex
21%
Theater 2000-2001 The Waiting Room
21%
Film TBA Tonight at Noon
21%
TV Mini-Series 2003 Trust
21%
TV Mini-Series 2006 Tsunami: The Aftermath
21%
TV Film 2003 Twelfth Night
21%
Radio Play 2005 Church
14%
Documentary 2021 Day Zero
14%
Documentary Series 2019 Earth from Space
14%
Theater 2000-2001 Singin' in the Rain
14%
Theater 1999 Splash Hatch on the E Going Down
0%
No matching quizzes found
Score Distribution
Percent of People with Each Score
Percentile by Number Answered
Your Score History
You have not taken this quiz since the last reset